Días de guardar /

Сохранить в:
Библиографические подробности
Главный автор: Monsiváis, Carlos (autor)
Формат:
Язык:испанский
Опубликовано: México : Era, 1976, c1970
Метки: Добавить метку
Нет меток, Требуется 1-ая метка записи!

MARC

LEADER 00000nam^a2200000^a^4500
001 000580310
005 20250521000000.0
009 20260310132546.499
037 |a Acervo ITESO - Biblioteca 
041 |a ESP 
091 |a FLG. 00822 
100 |a Monsiváis, Carlos  |e (autor) 
245 1 0 |a Días de guardar / 
264 4 |a México :  |b Era,  |c 1976, c1970 
300 |a 380 p. 
336 |a texto  |b txt  |2 rdacontenido 
337 |a sin mediación  |b n  |2 rdamedio 
338 |a volumen  |b nc  |2 rdasoporte 
649 |a XX 
910 |a Fondo Luis González de Alba 
920 |a Impresos - Libros 
930 |a Fondos Especiales 
905 |a 141 
901 |a 0500396925  |b IT2  |c ESP  |i D103198  |u 20250521 
902 |a https://opac.biblio.iteso.mx/vufind/Record/000580310